| 000 | 01050cam a22002651i 4500 | ||
|---|---|---|---|
| 003 | SA-RiAUC | ||
| 005 | 20250129074011.0 | ||
| 008 | 250122s2001 jo g b 00000 ara c | ||
| 040 |
_aSA-RiAUC _bara _cSA-RiAUC _erda |
||
| 082 | 0 | 4 |
_a251.14 _qSA-RiAUC |
| 090 |
_a251.14 _bع م ر |
||
| 100 | 1 |
_aالعمري، وميض بن رمزي بن صديق _eمؤلف. |
|
| 245 | 1 | 0 |
_aتمكين الباحث من الحكم بالنص بالحوادث / _cوميض بن رمزي بن صديق العمري. |
| 250 | _aالطبعة الأولى. | ||
| 264 | 1 |
_aعمان، الأردن : _bدار النفائس للنشر والتوزيع، _c2001 |
|
| 300 |
_a423 صفحة ؛ _c24 سم |
||
| 336 |
_aنص _btxt _2rdacontent _3كتاب |
||
| 337 |
_aبدون وسيط _bn _2rdamedia |
||
| 338 |
_aمجلد _bnc _2rdacarrier |
||
| 504 | _aببليوجرافية : صفحة 405-417. | ||
| 650 | 7 |
_aالقياس (أصول فقه) _2aucsh |
|
| 650 | 7 |
_aالأحكام الشرعية _2aucsh |
|
| 942 |
_2ddc _cBOOK _n0 |
||
| 949 |
_aSA-JeALM _d250122 _uosman123 _n1 |
||
| 999 |
_c5396 _d5396 |
||